On the mortality factors of the lycaenid butterfly, Artopoetes pryeri M. (<Lepidoptera, Lycaenidae>) (Registro nro. 11018)

Detalles MARC
000 -CABECERA
Campo de control 007530000a22002290004500
090 ## - CLASIFICACIÓN LOCAL
Colección AR
Consecutivo 01941
041 0# - IDIOMA
Código de idioma para texto/pista de sonido o título separado
100 1# - ASIENTO PRINCIPAL--NOMBRE PERSONAL
Nombre personal Watanabe, Mamoru
245 10 - MENCION DE TITULO
Título On the mortality factors of the lycaenid butterfly, Artopoetes pryeri M. (<Lepidoptera, Lycaenidae>)
650 14 - ASIENTO SECUNDARIO DE MATERIA - TERMINO TEMATICO
Término temático o nombre geográfico como elemento de entrada Entomología
650 14 - ASIENTO SECUNDARIO DE MATERIA - TERMINO TEMATICO
Término temático o nombre geográfico como elemento de entrada Mariposas
650 14 - ASIENTO SECUNDARIO DE MATERIA - TERMINO TEMATICO
Término temático o nombre geográfico como elemento de entrada Causas de mortalidad
650 14 - ASIENTO SECUNDARIO DE MATERIA - TERMINO TEMATICO
Término temático o nombre geográfico como elemento de entrada Insectos
650 14 - ASIENTO SECUNDARIO DE MATERIA - TERMINO TEMATICO
Término temático o nombre geográfico como elemento de entrada Ecología
651 #4 - ASIENTO SECUNDARIO DE MATERIA - NOMBRE GEOGRAFICO
-- Machida-city
-- Tokio
-- Japón
653 ## - TERMINO DE INDIZACION - NO CONTROLADO
-- Aster
-- Aster umbellatus
653 ## - TERMINO DE INDIZACION - NO CONTROLADO
-- Papilio
-- Papilio xuthus
653 ## - TERMINO DE INDIZACION - NO CONTROLADO
-- Zanthoxylum
-- Zanthoxylum ailanthoides
700 1# - ASIENTO SECUNDARIO - NOMBRE PERSONAL
Nombre personal Omata, Keiko
773 1# - Item fuente:
Título Japanese Journal Ecology
Especificación de materiales 649
Descripción física 4
Paginas del Articulo 367-370
Lugar, editorial y fecha de publicación 1978
Información sobre la relación 28
942 ## - ELEMENTOS ADICIONALES (KOHA)
Tipo de ítem Artículo
Existencias
Withdrawn status Lost status Damaged status No para préstamo Colección Ubicación Permanente Ubicación actual Fecha de adquisición Datos de publicación Seriada Total Checkouts Número topográfico Inventario / Código de Barras Date last seen Ejemplar Price effective from Forma de adquisición Tipo de material
      No para Préstamo Hemeroteca Bogotá Bogotá 27/02/2015 Fuera de circulación   AR 01941 012313 25/03/2015 1 25/03/2015   Artículo